Исследование кинетики электроосаждения меди из цианистых электролитов: автореферат диссертации на соискание ученой степени кандидата химических наук; спец. 02.00.04

Podrobná bibliografie
Hlavní autor: Жуков Б. Д. Борис Дмитриевич
Korporativní autor: Томский государственный университет (ТГУ)
Další autoři: Бек Р. Ю. (научный руководитель)
Shrnutí:Защита сост. 28.12.1975 г.
Jazyk:ruština
Vydáno: Томск, [Б. и.], 1974
Témata:
Médium: Kniha
KOHA link:https://koha.lib.tpu.ru/cgi-bin/koha/opac-detail.pl?biblionumber=336269

MARC

LEADER 00000nam0a2200000 4500
001 336269
005 20231102004834.0
035 |a (RuTPU)RU\TPU\book\362685 
090 |a 336269 
100 |a 20171011d1974 k y0rusy50 ca 
101 0 |a rus 
102 |a RU 
105 |a a dm 001zy 
200 1 |a Исследование кинетики электроосаждения меди из цианистых электролитов  |e автореферат диссертации на соискание ученой степени кандидата химических наук  |e спец. 02.00.04  |f Б. Д. Жуков  |g Томский государственный университет (ТГУ) ; науч. рук. Р. Ю. Бек 
210 |a Томск  |c [Б. и.]  |d 1974 
215 |a 18 с.  |c ил. 
300 |a Защита сост. 28.12.1975 г. 
320 |a Библиогр.: с. 18 (6 назв.) 
606 1 |a Медь  |x Электрохимия  |2 stltpush  |3 (RuTPU)RU\TPU\subj\76884  |9 87657 
610 1 |a кинетика 
610 1 |a электроосаждение 
610 1 |a электролиты 
610 1 |a поляризация 
610 1 |a электродные реакции 
610 1 |a библиотека А. Г. Стромберга 
610 1 |a авторефераты диссертаций 
675 |a 546.56(04)  |v 4 
686 |a 02.00.04  |2 oksvnk 
700 1 |a Жуков  |b Б. Д.  |g Борис Дмитриевич 
702 1 |a Бек  |b Р. Ю.  |4 727 
712 0 2 |a Томский государственный университет (ТГУ)  |2 stltpush  |3 (RuTPU)RU\TPU\col\397 
801 1 |a RU  |b 63413507  |c 20171011 
801 2 |a RU  |b 63413507  |c 20180201  |g RCR 
942 |c BK